| 000 | 00967nam a2200241 a 4500 | ||
|---|---|---|---|
| 001 | 000030635 | ||
| 005 | 20200930062424.0 | ||
| 008 | 110525s1961 pe 000 | spa d | ||
| 040 |
_aDO-SdBNP _bspa _cBNPHU |
||
| 082 |
_a985 _bH413p |
||
| 100 | 1 |
_aHaya de la Torre, Víctor Raúl, _d1895-1979 _957220 |
|
| 245 | 1 | 0 | _aPensamiento político. |
| 260 |
_aLima, Perú : _bEdiciones Pueblo, _c1961. |
||
| 300 |
_av. ; _c17 cm. |
||
| 500 | _aLa biblioteca sólo posee v.1-3. | ||
| 500 | _aIncluye notas al pie de las páginas. | ||
| 505 | 0 |
_gv. 1. _tIndoamérica -- _gv.2 _tIdeología aprista -- _gv.3 _tAprismo y filosofía _gv.4 _tEl plan de acción -- _gv.5 _tNuestra América y el mundo |
|
| 600 | 1 | 4 |
_aHAYA DE LA TORRE, VÍCTOR RAÚL _d1895-1979 _957221 |
| 610 | 2 | 4 |
_aPARTIDO APRISTA PERUANO _931405 |
| 651 | 4 |
_aPerú _xPolítica Y Gobierno _ySIGLO XX _957222 |
|
| 651 | 4 |
_aAmérica Latina _xPolítica Y Gobierno _ySIGLO XX _957223 |
|
| 910 | _aValidado. Control de calidad MFF | ||
| 999 |
_c30127 _d30127 |
||